000 00752nam a2200217Ia 4500
999 _c36187
_d36187
001 2089
003 GE_BSU
005 20221024112446.0
008 181216s1990ru xx |||||||||||||| ||rus||
020 _a5060010570
040 _cGE_BSU
041 _arus
080 _a81'25 К-63
100 _aКомиссаров, В.Н.
_97477
245 _aТеория перевода (лингвистические аспекты) :
_bВ кач уч-ка для студ. ин-тов и фак-в иностр-х языков /
_cВ.Н. Комиссаров.
264 _aМосква,
_c1990.
300 _a253 стр.:
_b21см.
653 _aТеория перевода
653 _aთარგმანის თეორია
942 _cBK
_2udc